01190nam a2200301Ia 4500001001200000003000800012006001900020007001500039008004100054020001800095020001500113020001500128040002100143035002100164050002700185100002100212245009800233246002600331260005200357300001100409504006600420533015200486600005600638650002200694655002900716710001700745856012600762ebr10369479CaPaEBRm u cr cn|||||||||010907s2001 enk sb 001 1 eng d z9780853236870 z0853236879 z0853236976 aCaPaEBRcCaPaEBR a(OCoLC)64788299114aPS3551.U77bZ95 2001eb1 aVarvogli, Aliki.14aThe world that is the bookh[electronic resource] :bPaul Auster's fiction /cAliki Varvogli.3 aPaul Auster's fiction aLiverpool :bLiverpool University Press,c2001. a184 p. aIncludes bibliographical references (p. [166]-178) and index. aElectronic reproduction.bPalo Alto, Calif. :cebrary,d2010.nAvailable via World Wide Web.nAccess may be limited to ebrary affiliated libraries.10aAuster, Paul,d1947-xCriticism and interpretation. 0aAmerican fiction. 7aElectronic books.2local2 aebrary, Inc.40uhttp://site.ebrary.com/lib/rucke/Doc?id=10369479zAn electronic book accessible through the World Wide Web; click to view